LEADER 02451oas 2201009 a 450 001 9910134741603321 005 20251105213014.0 011 $a1608-3172 035 $a(DE-599)ZDB2057339-X 035 $a(OCoLC)48634844 035 $a(CONSER) 2008233109 035 $a(CKB)954925406709 035 $a(EXLCZ)99954925406709 100 $a20011218a19659999 sy 101 0 $aeng 135 $aurmnu|||||||| 181 $ctxt$2rdacontent 182 $cc$2rdamedia 183 $acr$2rdacarrier 200 10$aInorganic materials 210 $a[New York, N.Y.] $cKluwer Academic-Plenum-Human Sciences Press 210 1$a[New York, N.Y.] :$cPleiades Publishing 300 $aRefereed/Peer-reviewed 311 08$a0020-1685 606 $aMetals$vPeriodicals 606 $aMaterials$vPeriodicals 606 $aChemistry, Inorganic$vPeriodicals 606 $aMe?taux$vPe?riodiques 606 $aChimie inorganique$vPe?riodiques 606 $aMate?riaux$vPe?riodiques 606 $aChemistry, Inorganic$2fast$3(OCoLC)fst00853488 606 $aMaterials$2fast$3(OCoLC)fst01011772 606 $aMetals$2fast$3(OCoLC)fst01018047 606 $aQuímica inorgànica$2thub 608 $aPeriodicals.$2fast 608 $aRevistes electròniques.$2thub 615 0$aMetals 615 0$aMaterials 615 0$aChemistry, Inorganic 615 6$aMe?taux 615 6$aChimie inorganique 615 6$aMate?riaux 615 7$aChemistry, Inorganic. 615 7$aMaterials. 615 7$aMetals. 615 7$aQuímica inorgànica. 676 $a546.3 801 0$bF#A 801 1$bF#A 801 2$bOCLCQ 801 2$bOCLCS 801 2$bGUA 801 2$bYUS 801 2$bU9S 801 2$bVRC 801 2$bOCLCQ 801 2$bAUD 801 2$bUKMGB 801 2$bOCLCQ 801 2$bOCLCO 801 2$bOCLCF 801 2$bOCLCO 801 2$bOCLCQ 801 2$bWT2 801 2$bOCLCQ 801 2$bOCLCE 801 2$bOCLCQ 801 2$bU3W 801 2$bEZC 801 2$bVT2 801 2$bAU@ 801 2$bWYU 801 2$bDLC 801 2$bOCLCO 801 2$bOCLCQ 801 2$bUAB 801 2$bSXB 801 2$bOCLCL 801 2$bCSU 801 2$bLIP 801 2$bXFH 801 2$bYOU 801 2$bOCLCQ 906 $aJOURNAL 912 $a9910134741603321 996 $aInorganic materials$92051359 997 $aUNINA